Derecho Internacional Privado español (Record no. 122496)

MARC details
000 -LEADER
campo de control de longitud fija 00677nam a2200205 i 4500
001 - NÚMERO DE CONTROL
campo de control 122496
003 - IDENTIFICADOR DE NÚMERO DE CONTROL
campo de control ES-MaACL
005 - FECHA Y HORA DE LA ÚLTIMA TRANSACCIÓN
campo de control 20250811074511.0
007 - CAMPO FIJO DE DESCRIPCIÓN FÍSICA--INFORMACIÓN GENERAL
campo de control de longitud fija t|
008 - DATOS DE LONGITUD FIJA--INFORMACIÓN GENERAL
campo de control de longitud fija 070214s1981 sp r ||||1| spa d
100 1# - ENTRADA PRINCIPAL--NOMBRE DE PERSONA
Nombre de persona Puente Egido, J.
9 (RLIN) 94158
245 10 - MENCIÓN DEL TÍTULO
Título Derecho Internacional Privado español
Resto del título : doctrina legal del Tribunal Supremo : 1841-1977 /
Mención de responsabilidad, etc. José Puente Egido.
250 ## - MENCION DE EDICION
Mención de edición 1ª. ed.
260 ## - PUBLICACIÓN, DISTRIBUCIÓN, ETC.
Lugar de publicación, distribución, etc. Barcelona :
Nombre del editor, distribuidor, etc. EUNIBAR,
Fecha de publicación, distribución, etc. 1981.
300 ## - DESCRIPCIÓN FÍSICA
Extensión XIII, 1456 p. ;
Dimensiones 20 cm.
650 04 - PUNTO DE ACCESO ADICIONAL DE MATERIA--TÉRMINO DE MATERIA
Término de materia o nombre geográfico como elemento de entrada Derecho internacional privado-
Subdivisión geográfica España.
9 (RLIN) 11722
710 1# - ENTRADA AGREGADA--NOMBRE DE ENTIDAD CORPORATIVA
Nombre de entidad corporativa o nombre de jurisdicción como elemento de entrada España.
Unidad subordinada Tribunal Supremo
9 (RLIN) 4004
852 ## - LOCALIZACIÓN
Ubicación ES-MaACL
Número de control de estantería L-7463
Sublocalización o colección R.108277
Holdings
Estatus retirado Estado de pérdida Estado de daño No para préstamo Biblioteca de origen Biblioteca actual Ubicación en estantería Fecha de adquisición Fuente de adquisición Total de préstamos Signatura topográfica completa Código de barras Visto por última vez Precio de reemplazo Tipo de ítem Koha
        Biblioteca del Ateneo de Madrid Biblioteca del Ateneo de Madrid Depósito 2 17/01/2008     L-7463 1127646 23/02/2023 23/02/2023 Libro impreso